<?xml version="1.0" encoding="UTF-8"?>
<record
    xmlns:xsi="http://www.w3.org/2001/XMLSchema-instance"
    xsi:schemaLocation="http://www.loc.gov/MARC21/slim http://www.loc.gov/standards/marcxml/schema/MARC21slim.xsd"
    xmlns="http://www.loc.gov/MARC21/slim">

  <leader>01363cam a22002651i 4500</leader>
  <controlfield tag="008">250627s2006    mr     g      000 0dara c</controlfield>
  <datafield tag="014" ind1=" " ind2=" ">
    <subfield code="a">16204915371</subfield>
  </datafield>
  <datafield tag="040" ind1=" " ind2=" ">
    <subfield code="a">SA-RiAUC</subfield>
    <subfield code="b">ara</subfield>
    <subfield code="c">SA-RiAUC</subfield>
    <subfield code="e">rda</subfield>
  </datafield>
  <datafield tag="043" ind1=" " ind2=" ">
    <subfield code="a">a-su---</subfield>
  </datafield>
  <datafield tag="082" ind1="0" ind2="4">
    <subfield code="a">915.312104</subfield>
    <subfield code="q">SA-RiAUC</subfield>
  </datafield>
  <datafield tag="100" ind1="1" ind2=" ">
    <subfield code="a">&#x627;&#x644;&#x62A;&#x62C;&#x64A;&#x628;&#x64A;&#x60C; &#x627;&#x644;&#x642;&#x627;&#x633;&#x645; &#x628;&#x646; &#x64A;&#x648;&#x633;&#x641; &#x628;&#x646; &#x645;&#x62D;&#x645;&#x62F;&#x60C;</subfield>
    <subfield code="d">670-730 &#x647;&#x62C;&#x631;&#x64A;.</subfield>
    <subfield code="e">&#x645;&#x624;&#x644;&#x641;.</subfield>
  </datafield>
  <datafield tag="245" ind1="1" ind2="0">
    <subfield code="a">&#x631;&#x62D;&#x644;&#x629; &#x627;&#x644;&#x62D;&#x62C; &#x648;&#x644;&#x642;&#x627;&#x621; &#x627;&#x644;&#x634;&#x64A;&#x648;&#x62E; :</subfield>
    <subfield code="b">&#x627;&#x644;&#x62A;&#x62C;&#x64A;&#x628;&#x64A; &#x646;&#x645;&#x648;&#x630;&#x62C;&#x627; /</subfield>
    <subfield code="c">&#x627;&#x644;&#x642;&#x627;&#x633;&#x645; &#x628;&#x646; &#x64A;&#x648;&#x633;&#x641; &#x627;&#x644;&#x62A;&#x62C;&#x64A;&#x628;&#x64A; &#x61B; &#x62A;&#x62D;&#x642;&#x64A;&#x642; &#x639;&#x628;&#x62F; &#x627;&#x644;&#x642;&#x627;&#x62F;&#x631; &#x627;&#x644;&#x639;&#x627;&#x641;&#x64A;&#x629;.</subfield>
  </datafield>
  <datafield tag="264" ind1=" " ind2="1">
    <subfield code="a">&#x627;&#x644;&#x631;&#x628;&#x627;&#x637;&#x60C; &#x627;&#x644;&#x645;&#x63A;&#x631;&#x628; :</subfield>
    <subfield code="b">&#x645;&#x643;&#x62A;&#x628;&#x629; &#x62F;&#x627;&#x631; &#x627;&#x644;&#x623;&#x645;&#x627;&#x646; &#x644;&#x644;&#x646;&#x634;&#x631; &#x648;&#x627;&#x644;&#x62A;&#x648;&#x632;&#x64A;&#x639;&#x60C;</subfield>
    <subfield code="c">2006</subfield>
    <subfield code="m">[1426]</subfield>
  </datafield>
  <datafield tag="300" ind1=" " ind2=" ">
    <subfield code="a">&#x635;&#x641;&#x62D;&#x629;</subfield>
  </datafield>
  <datafield tag="336" ind1=" " ind2=" ">
    <subfield code="a">&#x646;&#x635;</subfield>
    <subfield code="b">txt</subfield>
    <subfield code="2">rdacontent</subfield>
    <subfield code="3">&#x643;&#x62A;&#x627;&#x628;</subfield>
  </datafield>
  <datafield tag="337" ind1=" " ind2=" ">
    <subfield code="a">&#x628;&#x62F;&#x648;&#x646; &#x648;&#x633;&#x64A;&#x637;</subfield>
    <subfield code="b">n</subfield>
    <subfield code="2">rdamedia</subfield>
  </datafield>
  <datafield tag="338" ind1=" " ind2=" ">
    <subfield code="a">&#x645;&#x62C;&#x644;&#x62F;</subfield>
    <subfield code="b">nc</subfield>
    <subfield code="2">rdacarrier</subfield>
  </datafield>
  <datafield tag="600" ind1="1" ind2="7">
    <subfield code="a">&#x627;&#x644;&#x62A;&#x62C;&#x64A;&#x628;&#x64A;&#x60C; &#x627;&#x644;&#x642;&#x627;&#x633;&#x645; &#x628;&#x646; &#x64A;&#x648;&#x633;&#x641; &#x628;&#x646; &#x645;&#x62D;&#x645;&#x62F;&#x60C;</subfield>
    <subfield code="d">670-730 &#x647;&#x62C;&#x631;&#x64A;.</subfield>
    <subfield code="2">aucnm</subfield>
  </datafield>
  <datafield tag="650" ind1=" " ind2="7">
    <subfield code="a">&#x627;&#x644;&#x62D;&#x62C;</subfield>
    <subfield code="2">aucsh</subfield>
  </datafield>
  <datafield tag="651" ind1=" " ind2="7">
    <subfield code="a">&#x645;&#x643;&#x629; &#x627;&#x644;&#x645;&#x643;&#x631;&#x645;&#x629;</subfield>
    <subfield code="x">&#x648;&#x635;&#x641; &#x648;&#x631;&#x62D;&#x644;&#x627;&#x62A;</subfield>
    <subfield code="2">aucsh</subfield>
  </datafield>
  <datafield tag="700" ind1="1" ind2=" ">
    <subfield code="a">&#x627;&#x644;&#x639;&#x627;&#x641;&#x64A;&#x629;&#x60C; &#x639;&#x628;&#x62F; &#x627;&#x644;&#x642;&#x627;&#x62F;&#x631;&#x60C;</subfield>
    <subfield code="d">1932-</subfield>
    <subfield code="e">&#x645;&#x62D;&#x642;&#x642;.</subfield>
  </datafield>
  <datafield tag="700" ind1="1" ind2="2">
    <subfield code="i">&#x62A;&#x62D;&#x642;&#x64A;&#x642; &#x644;&#x640; (&#x639;&#x645;&#x644;) :</subfield>
    <subfield code="a">&#x627;&#x644;&#x62A;&#x62C;&#x64A;&#x628;&#x64A;&#x60C; &#x627;&#x644;&#x642;&#x627;&#x633;&#x645; &#x628;&#x646; &#x64A;&#x648;&#x633;&#x641; &#x628;&#x646; &#x645;&#x62D;&#x645;&#x62F;&#x60C;</subfield>
    <subfield code="d">670-730 &#x647;&#x62C;&#x631;&#x64A;.</subfield>
    <subfield code="t">&#x631;&#x62D;&#x644;&#x629; &#x627;&#x644;&#x62D;&#x62C; &#x648;&#x644;&#x642;&#x627;&#x621; &#x627;&#x644;&#x634;&#x64A;&#x648;&#x62E; : &#x627;&#x644;&#x62A;&#x62C;&#x64A;&#x628;&#x64A; &#x646;&#x645;&#x648;&#x630;&#x62C;&#x627;.</subfield>
  </datafield>
  <datafield tag="949" ind1=" " ind2=" ">
    <subfield code="a">SA-JeALM</subfield>
    <subfield code="d">250627</subfield>
    <subfield code="u">khaled123</subfield>
    <subfield code="n">1</subfield>
  </datafield>
  <controlfield tag="005">20250627115200.0</controlfield>
  <datafield tag="999" ind1=" " ind2=" ">
    <subfield code="c">9216</subfield>
    <subfield code="d">9216</subfield>
  </datafield>
</record>
